logo

Bir Sreshtho Munshi Abdur Rouf Library
Jhenaidah Cadet College

Chemistry by inquiry / (Record no. 8842)

MARC details
000 -LEADER
fixed length control field 00675nam a2200241 a 4500
001 - CONTROL NUMBER
JCCL Control Number 8842
003 - CONTROL NUMBER IDENTIFIER
JCCL marc code BD-JhCC
005 - DATE AND TIME OF LATEST TRANSACTION
control field 20180304183235.0
008 - FIXED-LENGTH DATA ELEMENTS--GENERAL INFORMATION
fixed length control field 180304s1969 enka 000 0 eng d
020 ## - INTERNATIONAL STANDARD BOOK NUMBER
International Standard Book Number 0435648411 (lp)
035 ## - SYSTEM CONTROL NUMBER
system control number (BD-JhCC)8842
040 ## - CATALOGING SOURCE
Original cataloging agency BD-JhCC
Transcribing agency UKM
Modifying agency BD-JhCC
041 ## - LANGUAGE CODE
Language code of Book eng
050 14 - LIBRARY OF CONGRESS CALL NUMBER
Classification number QD42
082 04 - DEWEY DECIMAL CLASSIFICATION NUMBER
Classification number 540.76
DDC Edition number 18
Author mark and Year STE 1969
100 1# - MAIN ENTRY--PERSONAL NAME
Personal name Stebbens, D. M.
Fuller form of name (Derek M.)
245 10 - TITLE STATEMENT
Title Chemistry by inquiry /
Statement of responsibility, etc by Derek Stebbens.
260 ## - PUBLICATION, DISTRIBUTION, ETC. (IMPRINT)
Place of publication, distribution, etc London :
Name of publisher, distributor, etc Heinemann Educational,
Date of publication, distribution, etc 1969.
300 ## - PHYSICAL DESCRIPTION
Pagination [1], ix, 109 p. :
Other physical details ill. (some col) ;
Dimensions 20 x 22 cm.
650 #0 - SUBJECT ADDED ENTRY--TOPICAL TERM
Topical term or geographic name as entry element Chemistry
Form subdivision Problems, exercises, etc.
942 ## - ADDED ENTRY ELEMENTS (KOHA)
Source of classification or shelving scheme Dewey Decimal Classification
Koha item type Books
Holdings
Source of classification or shelving scheme Damaged status Not for loan Home library Current library Shelving location Total Checkouts Full call number Barcode Date last seen Copy number Koha item type
Dewey Decimal Classification     JCC Rouf Library JCC Rouf Library General Stacks   540.76 STE 1969 11742 03/04/2018 C - 1 Books

JCC Library | Contacts | JCC Home

Last Update on 23 September 2017
Copyright @ 2017-2020 JCC Rouf Library
Rouf Library, Jhenidah Cadet College (JCC), Bangladesh